| 000 | 01041cam a22002651i 4500 | ||
|---|---|---|---|
| 003 | SA-RiAUC | ||
| 005 | 20250311114458.0 | ||
| 008 | 250309s2001 sy a g 000r0 ara c | ||
| 040 |
_aDZ-AlALGU _bara _cSA-RiAUC _erda |
||
| 082 | 0 | 4 |
_a323.443 _qSA-RiAUC |
| 090 |
_a323.443 _bخ ل ي |
||
| 100 | 1 |
_aخليل، خليل أحمد، _d1942- _eمؤلف. |
|
| 245 | 1 | 0 |
_aمستقبل العلاقة بين المثقف والسلطة / _cخليل أحمد خليل، محمود علي الكبسي. |
| 264 | 1 |
_aدمشق، سوريا : _bدار الفكر، _c2001 |
|
| 300 |
_a208 صفحة : _bإيضاحيات ؛ _c14 × 20 سم. |
||
| 336 |
_aنص _btxt _2rdacontent _3كتاب |
||
| 337 |
_aبدون وسيط _bn _2rdamedia |
||
| 338 |
_aمجلد _bnc _2rdacarrier |
||
| 490 | 0 | _aحوارات لقرن جديد | |
| 650 | 7 |
_aحرية التعبير _2aucsh |
|
| 650 | 7 |
_aالسياسة والثقافة _2aucsh |
|
| 700 | 1 |
_aالكبسي، محمود علي _eمؤلف. |
|
| 942 |
_2ddc _cBOOK _n0 |
||
| 949 |
_aSA-JeALM _d250309 _umohamedma123 _n1 |
||
| 999 |
_c6346 _d6346 |
||